| 000 | 01126nam a2200301Ia 4500 | ||
|---|---|---|---|
| 003 | OSt | ||
| 005 | 20221007123241.0 | ||
| 006 | a|||||r|||| 00| 0 | ||
| 007 | ta | ||
| 008 | 221006b |||||||| |||| 00| 0 eng d | ||
| 020 |
_a9810224117 (hbd) _c _ 86.00 |
||
| 024 | _a4254 | ||
| 037 |
_bI B A, _cTextual |
||
| 040 |
_aPAPL _cPAPL _beng |
||
| 041 |
_2eng _aeng |
||
| 082 | _aCN30, N5 | ||
| 100 |
_aDas S R^eand others Ed _9716960 |
||
| 111 |
_aInternational Colloquium on Modern Quantum Field Theory^gTata Institute of Fundamental Research^i5-11 January 1994 _9716961 |
||
| 245 | 0 | _aProceedings ed by S R Das and others | |
| 260 |
_aSingapore _bWorld Scientific _c1995 |
||
| 300 |
_ax,327p _ccm. |
||
| 500 | _aIncludes bibliographical references; ^n23/CSL/Carpa/96-97/3678^d1996-11-06^mPurchase; ; 96-97/319^b1997-01-06^c1228^d1997-01-03^eInternational Book Agency; ; 1997-01-11^bSB^c1997-01-12^dSB^r1997-03-15 | ||
| 650 | _a Field theory | ||
| 650 | _a Quantum field theory | ||
| 650 | _aPhysics | ||
| 942 |
_hCN30, N5 _cTEXL _2CC |
||
| 999 |
_c1211594 _d1211594 |
||